Факторы повышения социального благополучия населения в условиях экономики знаний; Непрерывное благополучие в мире

書誌詳細
Parent link:Непрерывное благополучие в мире.— 2016.— [С. 150-154]
第一著者: Чан Д. Т. С.
団体著者: Национальный исследовательский Томский политехнический университет (ТПУ) Институт социально-гуманитарных технологий (ИСГТ) Кафедра экономики (ЭКОН)
その他の著者: Рождественская Е. М. Елена Михайловна (научный руководитель)
要約:Заглавие с титульного экрана
Данная статья обосновывает факторы повышения социального благополучия населения в условиях экономики, основанной на производстве и приращении знаний. Рассмотрены факторы повышения социального благополучия населения, среди которых особо выделен когнитивный капитал как основной фактор. Проанализированы преимущества когнитивного капитала как фактора на основе его особых свойств. Составлена факторная модель повышения социального благополучия пожилого населения.
言語:ロシア語
出版事項: 2016
主題:
オンライン・アクセス:http://earchive.tpu.ru/handle/11683/35957
フォーマット: 電子媒体 図書の章
KOHA link:https://koha.lib.tpu.ru/cgi-bin/koha/opac-detail.pl?biblionumber=621506

MARC

LEADER 00000naa2a2200000 4500
001 621506
005 20231101133150.0
035 |a (RuTPU)RU\TPU\conf\20122 
035 |a RU\TPU\conf\20120 
090 |a 621506 
100 |a 20170110d2016 k y0rusy50 ca 
101 0 |a rus 
102 |a RU 
105 |a y z 101zy 
135 |a drgn ---uucaa 
181 0 |a i  
182 0 |a b 
200 1 |a Факторы повышения социального благополучия населения в условиях экономики знаний  |f Д. Т. С. Чан  |g науч. рук. Е. М. Рождественская 
203 |a Текст  |c электронный 
230 |a 1 компьютерный файл (pdf; 266 Kb) 
300 |a Заглавие с титульного экрана 
320 |a [Библиогр.: с. 154 (8 назв.)] 
330 |a Данная статья обосновывает факторы повышения социального благополучия населения в условиях экономики, основанной на производстве и приращении знаний. Рассмотрены факторы повышения социального благополучия населения, среди которых особо выделен когнитивный капитал как основной фактор. Проанализированы преимущества когнитивного капитала как фактора на основе его особых свойств. Составлена факторная модель повышения социального благополучия пожилого населения. 
463 1 |0 (RuTPU)RU\TPU\conf\20057  |t Непрерывное благополучие в мире  |l Lifelong Wellbeing In The World  |o сборник научных трудов Международного научного симпозиума, г. Томск, 11-16 сентября 2016 г.  |f Национальный исследовательский Томский политехнический университет (ТПУ) ; под ред. Г. А. Барышевой [и др.]  |v [С. 150-154]  |d 2016 
610 1 |a труды учёных ТПУ 
610 1 |a электронные ресурсы 
610 1 |a социальное благополучие 
610 1 |a население 
610 1 |a пожилые люди 
610 1 |a социальная защита 
610 1 |a пенсионная система 
700 1 |a Чан  |b Д. Т. С. 
702 1 |a Рождественская  |b Е. М.  |c экономист  |c ассистент Томского политехнического университета  |f 1988-  |g Елена Михайловна  |2 stltpush  |4 727 
712 0 2 |a Национальный исследовательский Томский политехнический университет (ТПУ)  |b Институт социально-гуманитарных технологий (ИСГТ)  |b Кафедра экономики (ЭКОН)  |h 149  |2 stltpush  |3 (RuTPU)RU\TPU\col\18375 
801 2 |a RU  |b 63413507  |c 20170112  |g RCR 
856 4 |u http://earchive.tpu.ru/handle/11683/35957 
942 |c BK